000 00793nam a2200181 a 4500
008 180208s2016 ||||||||||||||||| || u
050 _aCBU-PG THESIS/NYI
110 _aNyirongo, Sinyala Dorcus
245 1 0 _aImplications of land use on animal distribution and human wildlife conflict in Lumimba Game Management area
_cSinyala Dorcas Nyirongo
260 _aKitwe:
_bCopperbelt University
_c2016
300 _avii, 49p.: ill.
500 _aIncludes Refences
650 _aHUMAN-ANIMAL RELATIONSHIPS--ZAMBIA
650 _aWILDLIFE MANAGEMENT
650 _aWILDLIFE CONSERVATION
650 _aLAND USE--ENVIRONMENTAL ASPECTS
995 _FCBU-MAIN LIBRARY (Kitwe)
_M1
_UAVAILABLE
_WFeb 8, 2018
_XCopperbelt University
_ZUniversity Collection
999 _c46454
_d46454